Lost love late love / (Record no. 178399)

MARC details
000 -LEADER
fixed length control field 00591nam a22001937a 4500
005 - DATE AND TIME OF LATEST TRANSACTION
control field 20210401163035.0
010 ## - LCCN (DPL NO)
LC control number B-738701-709
020 ## - INTERNATIONAL STANDARD BOOK NUMBER
International Standard Book Number 9788194845294
Terms of availability 200.00
035 ## - SYSTEM CONTROL NUMBER
System control number B-738701-709
037 ## - SOURCE OF ACQUISITION
Source of stock number/acquisition Gift
082 ## - DEWEY DECIMAL CLASSIFICATION NUMBER
Classification number N
100 ## - MAIN ENTRY--PERSONAL NAME
Personal name Gupta, Namrata
245 ## - TITLE STATEMENT
Title Lost love late love /
Statement of responsibility, etc by Namrata Gupta
260 ## - PUBLICATION, DISTRIBUTION, ETC. (IMPRINT)
Name of publisher, distributor, etc Redgrab Books
Date of publication, distribution, etc 2021
Place of publication, distribution, etc Prayagraj
270 ## - ADDRESS
Address 942, Mutthiganj
City Prayagraj
Postal code 211003
300 ## - PHYSICAL DESCRIPTION
Extent 159p.
Dimensions 22cm(pbk)
942 ## - ADDED ENTRY ELEMENTS (KOHA)
Source of classification or shelving scheme Dewey Decimal Classification
Item type English Books
Classification part N
Call number suffix GUP
Holdings
Withdrawn status Lost status Not for loan Collection code Home library Current library Date acquired Source of acquisition Cost, normal purchase price Full call number Barcode Copy number Cost, replacement price Koha item type Public note
      Fiction Ashok Vihar Ashok Vihar 01/04/2021 Gift/Eng/26-02-2021 200.00 N GUP B-738702 1 200.00 English Books  
      Fiction Bawana Bawana 01/04/2021 Gift/Eng/26-02-2021 200.00 N GUP B-738707 1 200.00 English Books  
      Fiction Bawana Bawana 01/04/2021 Gift/Eng/26-02-2021 200.00 N GUP B-738708 1 200.00 English Books  
      Fiction Central Library Central Library 01/04/2021 Gift/Eng/26-02-2021 200.00 N GUP B-738701 1 200.00 English Books  
      Fiction Janak Puri Janak Puri 01/04/2021 Gift/Eng/26-02-2021 200.00 N GUP B-738704 1 200.00 English Books  
      Fiction Patel Nagar Patel Nagar 01/04/2021 Gift/Eng/26-02-2021 200.00 N GUP B-738703 1 200.00 English Books  
      Fiction Sarojini Nagar Sarojini Nagar 01/04/2021 Gift/Eng/26-02-2021 200.00 N GUP B-738705 1 200.00 English Books  
      Fiction Shahdara Branch Shahdara Branch 01/04/2021 Gift/Eng/26-02-2021 200.00 N GUP B-738709 1 200.00 English Books  
      Fiction Vinoba Puri Vinoba Puri 01/04/2021 Gift/Eng/26-02-2021 200.00 N GUP B-738706 1 200.00 English Books book Lost- R.No-113/015

© Delhi Public Library
Hit Counter
free hit counter